Child Psychology (Record no. 14967)

MARC details
000 -LEADER
fixed length control field 00594nam a2200241 a 4500
020 ## - INTERNATIONAL STANDARD BOOK NUMBER
ISBN 9788189983277
082 00 - DEWEY DECIMAL CLASSIFICATION NUMBER
Classification number 155.4
Author Cutter SIN
100 ## - MAIN ENTRY--AUTHOR NAME
Author name Singh, Sinku Kumar
245 ## - TITLE STATEMENT
Title Child Psychology
260 ## - PUBLICATION, DISTRIBUTION, ETC. (IMPRINT)
Place of publication New Delhi
Name of publisher Ksk Pubs & Disbs
Year of publication 2010
300 ## - PHYSICAL DESCRIPTION
Number of Pages 257p
500 ## - GENERAL NOTE
General note includes index and biblioraphy
505 2# - FORMATTED CONTENTS NOTE
Formatted contents note Bibliography
650 ## - SUBJECT ADDED ENTRY--TOPICAL TERM
Topical Term Psychology-Child
942 ## - ADDED ENTRY ELEMENTS (KOHA)
Koha item type Books
700 1# -
-- Singh, Sinku Kumar
Holdings
Collection code Home library Current library Date acquired Cost, normal purchase price Full call number Accession Number Koha item type
  Henry Martyn Institute Library Henry Martyn Institute Library 03/08/2010 500.00 155.4 SIN 023199 Books
                   Copyright © 2026 | Henry Martyn Institute | Hyderabad | TS-500052 | INDIA | Implemented by hmi.edu.in
Hit-Count:

Powered by Koha